Schlachten und Operationen im zweiten Weltkrieg - Statistiken

Allgemein
  • Dieses Quiz wurde 68 mal gespielt
  • Das Durchschnittsergebnis liegt bei 7 aus 21
Antwortstatistiken
Hint Antwort % Korrekt
Kämpfe um Elsass und Lothringen Frankreich
88%
Schlacht um Arnheim Niederlande
78%
Erste Schlacht von El-Alamein Ägypten
73%
Schlacht von Dünkirchen Frankreich
73%
Schlacht im Hürtgenwald Deutschland
69%
Kesselschlacht um Demjansk Russland
63%
Schlacht um Narvik Norwegen
61%
Schlacht bei den Thermopylen Griechenland
41%
Schlacht um Carentan Frankreich
29%
Schlacht von Welikije Luki Russland
29%
Schlacht um Tichwin Russland
22%
Schlacht um Hechtel Belgien
19%
Schlacht von Kuhmo Finnland
19%
Schlacht am Kasserinpass Tunesien
17%
Operation Tonga Frankreich
14%
Schlacht um Imphal Indien
12%
Kesselschlacht von Heiligenbeil Russland
12%
Schlacht bei Szack Ukraine
10%
Operation Shingle Italien
8%
Schlacht von Keren Eritrea
3%
Schlacht um Wakde-Sarmi Indonesien
3%
Keine übereinstimmenden Quizze gefunden
Verteilung der Resultate
Anzahl Personen mit jedem Resultat
Perzentil nach korrekt beantworteten Fragen
Ihre Resultats-Entwicklung
Sie haben dieses Quiz noch nicht gespielt